000
00310nam a22001337a 4500
999
_c
527907
_d
527907
003
NUST
038
_a
M.Ramzan
082
_a
627.4
_b
NUS
100
_a
NICE
_9
19411
245
_a
strategic strangthening of f loud warming
260
_a
Islamabad
_b
NICE
_c
2011
300
_a
702 p, :
_b
CD
_c
25cm
942
_2
ddc
_c
BK